000 00868nam a2200241 i 4500
001 bg
100 1 _aGUTKOWSKI, Bogdan
245 1 0 _aAktualne przepisy w ochronie środowiska i inwestycjach :
_bsuplement 3 /
_caut. Bogdan Gutkowski ; AOS Agencja Ochrony Środowiska w Koszalinie.
250 _aStan prawny na dzień 23.02.2005 r.
260 _aKoszalin :
_bAOS Agencja Ochrony Środowiska,
_c2005.
300 _a63 s. ;
_c30 cm.
650 9 _aPrawo ochrony środowiska
_zPolska
_ystan na 2005 r.
655 _aPoradniki
710 0 _aAgencja Ochrony Środowiska (Koszalin)
020 _a8392047338
040 _cBPK
041 0 _apol
080 _a349.6(438)(083.1)
920 _a83-920473-3-8
942 _cKS
008 s pl f |000 0 pol
999 _c45826
_d45826
856 _uhttp://koha.tu.koszalin.pl/cgi-bin/koha/opac-detail.pl?biblionumber=45826
_yKatalog online BPK